| 000 | 00551nam a2200157 4500 | ||
|---|---|---|---|
| 008 | 0 2004 0ant 000 0MEX | ||
| 020 | _a970-26-0448-6 | ||
| 050 | _aTK454 B67918 2004 | ||
| 082 | _a621.319.2 B255i | ||
| 100 | _aBoylestad, Robert L. | ||
| 245 | _aIntroducción al an lisis de circuitos / Robert L. Boylestad | ||
| 250 | _a10 | ||
| 260 | _aMéxico : Pearson Educación : Prentice Hall | ||
| 300 | _a1248 p. / 27 cm. | ||
| 650 | _a1.CIRCUITOS ELECTRICOS \ 2.ANALISIS DE CIRCUITOS \ 3.INGENIERIA ELECTRICA-PROBLEMAS, EJERCICIOS. | ||
| 999 |
_c18560 _d18560 |
||